[Event "Zetters"]
[Site "Birmingham"]
[Date "1975.04.11"]
[Round "14"]
[White "Matera, Salvatore Joseph"]
[Black "Webb, Simon"]
[Result "1/2-1/2"]
[WhiteElo "2385"]
[BlackElo "2385"]
[PlyCount "30"]
[EventDate "1975.03.27"]
[EventType "tourn"]
[EventRounds "15"]
[EventCountry "ENG"]
[EventCategory "6"]
[SourceTitle "BritBase"]
[Source "John Saunders"]
[SourceDate "2025.06.06"]
[SourceVersion "1"]
[SourceVersionDate "2025.06.06"]
[SourceQuality "1"]

1. c4 c5 2. Nf3 Nf6 3. g3 g6 4. Bg2 Bg7 5. O-O O-O 6. Nc3 Nc6 7. a3 d5 8. cxd5 Nxd5 9. Nxd5 Qxd5 10. d3 Qd6 11. Rb1 Bf5 12. Nd2 Qd7 13. Ne4 b6 14. b4 cxb4 15. axb4 Rac8 1/2-1/2

[Event "Zetters"]
[Site "Birmingham"]
[Date "1975.04.01"]
[Round "15"]
[White "Damjanovic, Mato"]
[Black "Cafferty, Bernard"]
[Result "1-0"]
[WhiteElo "2455"]
[BlackElo "2335"]
[PlyCount "81"]
[EventDate "1975.03.27"]
[EventType "tourn"]
[EventRounds "15"]
[EventCountry "ENG"]
[EventCategory "6"]
[SourceTitle "BritBase"]
[Source "John Saunders"]
[SourceDate "2025.06.06"]
[SourceVersion "1"]
[SourceVersionDate "2025.06.06"]
[SourceQuality "1"]

1. e4 Nf6 2. e5 Nd5 3. d4 d6 4. Nf3 g6 5. Bc4 Nb6 6. Bb3 Bg7 7. Ng5 d5 8. f4 f6 9. Nf3 Nc6 10. c3 Bf5 11. Qe2 O-O 12. Nh4 fxe5 13. fxe5 Be6 14. Nd2 Na5 15. Ndf3 Nxb3 16. axb3 Qd7 17. O-O a6 18. Bg5 Rf7 19. Qd2 Raf8 20. Rf2 Qb5 21. b4 Qd7 22. b3 Bf5 23. Be3 Bg4 24. Raf1 Bxf3 25. Nxf3 e6 26. h3 Nc8 27. g4 Na7 28. Kg2 Nc6 29. Ra1 Na7 30. h4 Qc6 31. Rc1 Qe8 32. Qc2 Nc8 33. Rh1 Ne7 34. h5 gxh5 35. Rxh5 Ng6 36. Kg3 Bh8 37. Ng5 Rxf2 38. Bxf2 Rf7 39. Nxf7 Qxf7 40. Qd2 Bg7 41. Rh1 {This game was played on the first free day (1st April), although it was scheduled for the 15th round of the competition. Confirmed as being accurate by a report in The Times of 2 April 1975. The other source for the game score, the tournament bulletin, indicates that the game was played on 13th April, though this is clearly wrong.} 1-0

[Event "Zetters"]
[Site "Birmingham"]
[Date "1975.04.13"]
[Round "15"]
[White "Mestel, A Jonathan"]
[Black "Corden, Martyn John"]
[Result "1-0"]
[WhiteElo "2290"]
[BlackElo "2315"]
[PlyCount "67"]
[EventDate "1975.03.27"]
[EventType "tourn"]
[EventRounds "15"]
[EventCountry "ENG"]
[EventCategory "6"]
[SourceTitle "BritBase"]
[Source "John Saunders"]
[SourceDate "2025.06.06"]
[SourceVersion "1"]
[SourceVersionDate "2025.06.06"]
[SourceQuality "1"]

1. c4 f5 2. Nc3 Nf6 3. Nf3 e6 4. g3 b6 5. Bg2 Bb7 6. O-O Bb4 7. Qb3 a5 8. a3 Bxc3 9. Qxc3 a4 10. Rd1 O-O 11. d4 Qc8 12. Ne1 Re8 13. Qc2 Bxg2 14. Nxg2 Qb7 15. Bg5 Ne4 16. Be3 Nc6 17. f3 Nf6 18. Bg5 Rf8 19. d5 exd5 20. cxd5 Ne7 21. d6 cxd6 22. Rxd6 Nc8 23. Rd4 Qc6 24. Qxf5 Ra5 25. Qf4 Qc5 26. Bxf6 Rxf6 27. Qd2 Rd6 28. Rd1 Rb5 29. Kf1 Rxd4 30. Qxd4 Qxd4 31. Rxd4 Rxb2 32. Rxd7 Rc2 33. Ne3 Rc6 34. Nf5 1-0

[Event "Zetters"]
[Site "Birmingham"]
[Date "1975.04.13"]
[Round "15"]
[White "Webb, Simon"]
[Black "Haag, Ervin"]
[Result "1/2-1/2"]
[WhiteElo "2385"]
[BlackElo "2430"]
[PlyCount "26"]
[EventDate "1975.03.27"]
[EventType "tourn"]
[EventRounds "15"]
[EventCountry "ENG"]
[EventCategory "6"]
[SourceTitle "BritBase"]
[Source "John Saunders"]
[SourceDate "2025.06.06"]
[SourceVersion "1"]
[SourceVersionDate "2025.06.06"]
[SourceQuality "1"]

1. Nf3 d5 2. d4 Nf6 3. c4 c6 4. cxd5 cxd5 5. Nc3 Nc6 6. Bf4 Bf5 7. e3 e6 8. Qb3 Bb4 9. Be2 O-O 10. O-O Qe7 11. Ne5 Nxe5 12. Bxe5 Ne4 13. Nxe4 Bxe4 1/2-1/2